Todo De Ti - Rauw Alejandro - Estadísticas

Estadísticas generales
  • Esta prueba ha sido intentada 78 veces
  • La puntuación promedio es 270 de 404
Estadísticas de respuestas
Letra % Correcto
a
100%
e'
97%
E'
97%
Me
97%
me
97%
ti
97%
de
95%
De
95%
to'
95%
gusta
93%
que
93%
Que
93%
todo
93%
El
88%
el
88%
la
88%
la'
88%
88%
Mi
88%
mi
88%
tu
88%
88%
Y
85%
y
85%
se
80%
con
76%
no
76%
No
76%
mal
73%
ve
73%
ese
71%
Ese
71%
después
69%
quiero
69%
Algo
68%
fumar
68%
mar
68%
na'
68%
Contigo
66%
fenomenal
66%
tus
66%
aquí
64%
cómo
64%
Como
64%
despertar
64%
eso
64%
eso'
64%
Hacerlo
64%
hay
64%
mis
64%
pones
64%
tengo
64%
bikini
63%
ojos
63%
buscar
61%
Ella
61%
En
61%
en
61%
fuera
61%
latidos
61%
lo'
61%
Ya
61%
Aceleras
59%
color
59%
combinas
59%
le
59%
pueda
59%
Ra
59%
boquita
58%
olor
58%
piel
58%
gravedad
56%
haces
56%
un
56%
cabello
54%
esos
54%
pa'l
54%
sentir
54%
elevar
53%
rosita
53%
va
53%
viento
53%
¿cuál
51%
mall
51%
sabe
51%
to'a
51%
bellos
49%
decido?
49%
di
49%
labio'
49%
su
49%
Uh
49%
uh
49%
yo
49%
besas
47%
coco
47%
matan
47%
Champú
46%
labial
46%
parte'
46%
Por
46%
soba
46%
Rauw
44%
Avenida
42%
call
41%
Chanel
41%
culo
41%
micro
39%
quedo
39%
Quinta
39%
desde
37%
llego
37%
loco
37%
Oh
37%
oh
37%
small
37%
camisa
36%
One
36%
pedale'
36%
quieto
36%
three
36%
two
36%
eh
34%
posi
34%
comerte
32%
completo
32%
dosi'
32%
Ah
31%
ah
31%
ponerla
31%
vuelve
31%
hasta
29%
rola
29%
casco
27%
controlo
27%
wallet
27%
ey
25%
Alejandro
24%
dieta
24%
Besando
22%
keto
22%
oxi
22%
Teco
20%
Raptor
19%
glossy
17%
volví
17%
jogger
12%
large
12%
sólo
12%
Ford
10%
Colla
5%
depués
5%
Dice
5%
dice
5%
NaisGai
0%
No se encontraron pruebas coincidentes
Distribución de puntuación
Porcentaje de gente con cada puntuación
Porcentaje por número respondido
Historial de tus puntuaciones
No has intentado esta prueba.